Sports Quiz

Random Sports or Football Quiz
Score 0/6 Timer 10:00
0 Plays Today
Clue Team % Correct
Last win 2004San Marino
89.5%
Carmine LucifierManchester United
31.6%
Blue (rhymes with wide)Hyde
31.6%
The DoldrumsChester FC
15.8%
South America, Stripes on kitPenarol
15.8%
Crescents And goldCantaman Islands
10.5%
Remove Ads.
Support Sporcle.
Get the best of Sporcle when you Go Orange. This ad-free experience offers more features, more stats, and more fun while also helping to support Sporcle. Thank you for becoming a member.

You're not logged in!

Compare scores with friends on all Sporcle quizzes.
OR
Log In

Show Comments

Extras

Top Quizzes Today


Score Distribution

Your Account Isn't Verified!

In order to create a playlist on Sporcle, you need to verify the email address you used during registration. Go to your Sporcle Settings to finish the process.

Report this User

Report this user for behavior that violates our Community Guidelines.

Details: